000 00250nam a2200109Ia 4500
008 190906s9999||||xx |||||||||||||| ||und||
100 _a Gerald W. Stone
245 0 _aEconomics
260 _aNew York
_bFamous Books
_c1995
300 _a872
942 _cBK
999 _c6052
_d6052